00255nam a2200097Ia 4500008004100000100002800041245003700069250001100106260002200117300001800139180205s9999 xx 000 0 und d aSantamaria, Josefina O. aLife career planning work book / a3rd ed aMakati Cityc2000 aii, 200 pages